[Event "Monastir Safe Tours op"]
[Site "Monastir"]
[Date "2023.06.19"]
[Round "6"]
[White "Almaryami, Mohamed H"]
[Black "Bidi, Abdeljalil"]
[Result "1-0"]
[WhiteElo "2018"]
[BlackElo "1877"]
[PlyCount "99"]
[EventDate "2023.06.16"]
[EventType "swiss"]
[EventRounds "7"]
[EventCountry "TUN"]
[SourceTitle "EXT 2024"]
[Source "ChessBase"]
[SourceDate "2023.10.10"]
[SourceVersion "1"]
[SourceVersionDate "2023.10.10"]
[SourceQuality "1"]

1. e4 e5 2. Nf3 Nc6 3. d4 exd4 4. Nxd4 Bc5 5. Nf3 d6 6. Bc4 Nf6 7. h3 0-0 8. Nbd2 Re8 9. 0-0 Ne5 10. Bb3 Bd7 11. Nxe5 dxe5 12. Qf3 Bc6 13. Re1 Qe7 14. Nf1 Nd7 15. Ng3 g6 16. Bh6 Qf6 17. Qe2 Qh4 18. Be3 Bxe3 19. Qxe3 Qf4 20. Qc3 Nf6 21. Re3 Nxe4 22. Bxf7+ Qxf7 23. Nxe4 Rad8 24. Rf3 Qe7 25. Nf6+ Kh8 26. Nxe8 Bxf3 27. Qxf3 Rxe8 28. Qxb7 Qc5 29. Qe4 Rd8 30. Re1 Rd2 31. Qh4 Kg7 32. Qg3 Rxc2 33. Rxe5 Qd6 34. Qe3 Rxb2 35. g3 Kf7 36. Re4 Rb5 37. Qxa7 Rf5 38. Qe3 Rf6 39. Qb3+ Kg7 40. Qe3 Kf7 41. a4 Re6 42. Rxe6 Qxe6 43. a5 Qc6 44. Qb3+ Ke7 45. Qa3+ Kd7 46. a6 Qa8 47. Qa4+ c6 48. a7 Kc7 49. Qa6 Kd6 50. Qb6 1-0

[Event "Africa-ch U20"]
[Site "Bejaia"]
[Date "2022.11.17"]
[Round "7"]
[White "Abderrahim Taleb, Mohamed"]
[Black "Bidi, Abdeljalil"]
[Result "1-0"]
[WhiteElo "2064"]
[BlackElo "1777"]
[PlyCount "65"]
[EventDate "2022.11.13"]
[EventType "swiss"]
[EventRounds "9"]
[EventCountry "ALG"]
[SourceTitle "CBM 211 Extra"]
[Source "ChessBase"]
[SourceDate "2023.01.31"]
[SourceVersion "1"]
[SourceVersionDate "2023.01.31"]
[SourceQuality "1"]

1. e4 e5 2. Nf3 Nc6 3. Nc3 Nf6 4. d4 exd4 5. Nxd4 Bb4 6. Nxc6 bxc6 7. Bd3 d5 8. exd5 cxd5 9. 0-0 0-0 10. Bg5 c6 11. Ne2 h6 12. Bh4 Bd6 13. Nd4 c5 14. Nf5 Be5 15. c3 c4 16. Bc2 Bxf5 17. Bxf5 Qb6 18. Qc2 Rab8 19. Rab1 d4 20. cxd4 Qxd4 21. Bg3 Bxg3 22. hxg3 Rb5 23. Rfd1 Qc5 24. Bh3 g5 25. a4 Rb4 26. Bd7 Nxd7 27. Rxd7 Rfb8 28. Qc3 Qf5 29. Rbd1 Rxb2 30. Rd8+ Rxd8 31. Rxd8+ Kh7 32. Qh8+ Kg6 33. Rd6+ 1-0

[Event "Africa-ch U20"]
[Site "Bejaia"]
[Date "2022.11.16"]
[Round "6"]
[White "Adrar, Sofiane"]
[Black "Bidi, Abdeljalil"]
[Result "0-1"]
[WhiteElo "1654"]
[BlackElo "1777"]
[PlyCount "64"]
[EventDate "2022.11.13"]
[EventType "swiss"]
[EventRounds "9"]
[EventCountry "ALG"]
[SourceTitle "CBM 211 Extra"]
[Source "ChessBase"]
[SourceDate "2023.01.31"]
[SourceVersion "1"]
[SourceVersionDate "2023.01.31"]
[SourceQuality "1"]

1. e4 e5 2. Nf3 Nc6 3. Bc4 Bc5 4. d3 Nf6 5. 0-0 d6 6. h3 h6 7. c3 0-0 8. Re1 a6 9. a4 Bb6 10. Ba2 Re8 11. Nbd2 Be6 12. Bxe6 Rxe6 13. Nc4 Ba7 14. a5 d5 15. exd5 Qxd5 16. Be3 e4 17. Nfd2 Bxe3 18. Nxe3 Qxd3 19. Nec4 Nd5 20. Nxe4 Qxc4 21. Ra4 Ndb4 22. cxb4 Rxe4 23. Rxe4 Qxe4 24. b5 Nb4 25. Qb3 Qe1+ 26. Kh2 Qe5+ 27. g3 Nd5 28. bxa6 Rxa6 29. Qxb7 Rf6 30. Kg2 Qe2 31. Qa7 Qf3+ 32. Kg1 Qd1+ 0-1

[Event "Tipaza U2200 op"]
[Site "Tipaza"]
[Date "2019.05.01"]
[Round "2"]
[White "Araoun, Saadi"]
[Black "Bidi, Abdeljalil"]
[Result "1-0"]
[WhiteElo "2030"]
[BlackElo "1423"]
[PlyCount "69"]
[EventDate "2019.05.01"]
[EventType "swiss"]
[EventRounds "9"]
[EventCountry "ALG"]
[SourceTitle "CBM 190 Extra"]
[Source "ChessBase"]
[SourceDate "2019.07.15"]
[SourceVersion "1"]
[SourceVersionDate "2019.07.15"]
[SourceQuality "1"]

1. d4 d5 2. c4 e6 3. Nc3 c6 4. cxd5 exd5 5. Nf3 Nf6 6. Bg5 Be7 7. Qc2 h6 8. Bh4 Nbd7 9. e3 b6 10. Bd3 Bb7 11. 0-0 0-0 12. Rfc1 c5 13. Rd1 Re8 14. Rac1 c4 15. Bf5 g5 16. Bg3 Nh5 17. Be5 Nxe5 18. Nxe5 Bd6 19. Nxf7 Kxf7 20. Bg6+ Kg7 21. Bxh5 Re6 22. Bf3 Bc7 23. b3 Bc6 24. bxc4 Rd6 25. cxd5 Bb7 26. Nb5 Bb8 27. Nxd6 Qxd6 28. g3 Bxd5 29. Bxd5 Qxd5 30. Qc6 Qxc6 31. Rxc6 b5 32. Rc8 a5 33. d5 b4 34. d6 Bxd6 35. Rxa8 1-0